000
00283nam a22001337a 4500
008
171016b xxu||||| |||| 00| 0 eng d
020
_a
0195209621
041
_a
eng
080
_a
33
100
_a
52
101
_a
EKO
245
_a
NEW ECONOMIC ORDER
_c
LIPIETZ,A
942
_2
udc
_c
BK
999
_c
34062
_d
34062